Česi zakázali dovoz hovädziny zo Slovenska podľa Koncoša i Košina ide o ekonomické záujmy ...

Bibliographic Details
Main Author: Zobor, Ladislav (Author)
Format: Article
Language:Slovak
PhysicalDescription:Fotogr.
ISSN:1335-4671
Subjects:

MARC

LEADER 00000nab a2200000 a 4500
001 vtls000791183
003 SK-MaSNL
005 20260302160035.0
008 160324c2002 xo 0 slo
015 |a SNBRB2002/04-12538 
035 |a CLN000142838 
040 |a SNKBUCL  |b slo  |c SNKBUCL  |e AACR2 
041 0 |a slo 
044 |a xo  |c SK 
080 |a 339.562(437.6:437.1/.2):637.514'62  |2 1997 
080 |a 637.514'62(437.6)  |2 1997 
080 |a 637.514'62(437.1/.2)  |2 1997 
100 1 |a Zobor, Ladislav  |4 aut  |9 848848 
245 1 0 |a Česi zakázali dovoz hovädziny zo Slovenska  |b podľa Koncoša i Košina ide o ekonomické záujmy ...  |c Ladislav Zobor 
300 |b Fotogr. 
650 0 7 |a mäso hovädzie  |x dovoz  |z Slovensko  |z Česko  |x zákaz  |2 snkbucl  |9 855496 
650 0 7 |a dovoz  |2 snkbucl  |9 856 
655 7 |a články z novín a časopisov  |2 snkbucl  |9 267496 
773 0 |x 1335-4671  |t Národná obroda  |g Roč. 13, č. 78 (4.4.2002) 
773 0 |x 1335-4671  |t [Príl.] Koruna  |g S. 17 
850 |a Slovenská národná knižnica v Martine 
852 |a SNK  |b KIS3GCP 
958 |a SK 
958 |a CZ 
958 |a RBX 
999 |c 1373337  |d 1375267